| 000 | 00000nam##2200000za#4500 |
| 001 | 9.643623 |
| 003 | CaOODSP |
| 005 | 20210624224244 |
| 007 | cr ||||||||||| |
| 008 | 150407|1990||||xxc|||||o f|0| 0 fre|d |
| 020 | |a978-0-660-97497-2 |
| 040 | |aCaOODSP|bfre |
| 043 | |an-cn--- |
| 086 | 1 |aEn56-1/1990F-PDF |
| 110 | 1 |aCanada. |bEnvironnement Canada. |
| 245 | 10|aLes climats du Canada |h[ressource électronique] |
| 260 | |aOttawa - Ontario : |bEnvironnement Canada |cc1990. |
| 300 | |a181p.|bfigures, graphiques, cartes, tableaux, photographies |
| 500 | |a«Numérisé par Éditions et Services de dépôt, Travaux publics et Services gouvernementaux Canada - 2014» |
| 520 | 3 |aLe Canada est une terre de contrastes et d'extrêmes climatiques. Agrémenté de remarquables photographies couleur des paysages climatiques du Canada, cet ouvrage vous fera découvrir plus à fond la diversité de nos climats : calottes polaires gelées en permanence, toundra dénudée battue par les vents, forêts luxuriantes de la côte du Pacifique, terrains broussailleux des régions chaudes et semi-arides, déserts polaires et champs de céréales inondés de soleil. Climatologue réputé, David Philips y explique, dans un style à la fois éducatif et agréable, certains concepts simples comme l'humidité et le brouillard et y aborde les facteurs qui façonnent et déterminent notre climat. |
| 590 | |a14-18-Supp|b2014-10-15 |
| 691 | 07|aClimat|2gcpds |
| 775 | 08|tThe climates of Canada |w(CaOODSP)9.699647 |
| 776 | 0#|tLes climats du Canada |w(CaOODSP)9.678262 |
| 856 | 40|ahttp://publications.gc.ca|qPDF|s74.47 Mo|uhttps://publications.gc.ca/collections/collection_2014/ec/En56-1-1990-fra.pdf |